000 00743nam a22002297a 4500
999 _c16284
_d16284
003 AR-CdUCM
008 190502b ||||| |||| 00| 0 spa d
040 _aMUNICIPALIDAD PROVINCIAL DEL CUSCO
_cBIBLIOTECA MUNICIPAL DEL CUSCO
082 _a121 /
_bW46
100 _aWentscher, Max
_935635
245 _aTeoría del conocimiento /
260 _aBarcelona :
_bLabor,
_c1927.
300 _a192 páginas ;
_c20 cm.
440 _aColección labor
_935636
505 _aContenido : Percepción y experiencia -- Teoría y critica del conocimiento ...
650 _aTeoría
_95077
650 _aPercepción
_935637
650 _aExperiencia
_96649
700 _aLanda y Vaz, Rubén
_935638
942 _2ddc
_cLIBROS
945 _arah
_d02/05/2019